| 000 | 00394nam a2200169Ia 4500 | ||
|---|---|---|---|
| 008 | 230524s9999 xx 000 0 und d | ||
| 020 | _a9788122422764 | ||
| 082 | _bBHA | ||
| 100 | _aS.S. Bhavikatti | ||
| 245 | 0 | _aAdvance R.C.C. Design | |
| 250 | _a2 | ||
| 260 |
_aNew Delhi _bNew Age Pub _c2015 |
||
| 300 | _a"X,376p;" | ||
| 500 | _aQuantity Number: 1 | ||
| 650 | _aCivil | ||
| 942 | _cBK | ||
| 999 |
_c57816 _d57816 |
||